Представление документа в формате RUSMARC

ПолеНазваниеЗначение
  Тип записи c
  Библиографический уровень m
001 Контрольный номер UONB/NOTY/a02e1f63151d4a7c9a852b8277342466
005 Дата корректировки 20250520124449.2
010 Индекс ISBN __
9 Тираж 12000 экз.
013 Номер (ISMN) __
d Цена 70 к.
071 Издательские номер (звукозапись и ноты) 21
a Номер, присвоенный агентством 6102
100 Данные общей обработки __
a Данные общей обработки 20220817d1969 u##y0rusy0189## ca
101 Язык документа 0_
a Язык текста rus
f Язык титульного листа rus
102 Страна публикации __
a Страна публикации RU
125 Кодированные данные звукозаписи и нотных изданий __
a Форма изложения нотного текста с
128 Кодированные данные (звукозаписи-физические характеристики) __
a Кодированные данные: Музыкальная форма и тональность или лад zz
c Инструменты или голоса, рекомендуемые для солистов (устаревшее) va
200 Заглавие и сведения об ответственности 1_
a Заглавие Поет Татьяна Шмыга
f Первые сведения об ответственности сост. и авт. предисл. С. Трегубов
e Сведения, относящиеся к заглавию арии из оперетт для сопрано в сопровожд. фп.
203 Вид содержания и тип средства __
a Вид содержания Музыка
b Характеристика содержания знаковая
c Тип средства непосредственная
210 Выходные данные 1_
a Место издания Москва
c Издательство Музыка
d Дата издания 1969
215 Физическое описание __
a Объем 55 с.
c Иллюстрации/тип воспроизводства портр.
d Формат 29 см
327 Примечание о содержании 11
a Примечание о содержании Содерж. : Дунаевский И. Ариозо Тони : из оперетты "Белая акация" / сл. В. Масса и М. Червинского. - Кабалевский Д. Ария Тани : из оперетты "Весна поет" / сл. Ц. Солодаря. - Милютин Ю. Песенка Глории : из оперетты "Цирк зажигает огни" / сл. Я. Зискинда ; Песенка Чаниты : из оперетты "Поцелуй Чаниты" / сл. Е. Шатуновского. - Долуханян А. Песня о собаке : из оперетты "Конкурс красоты" / сл. Н. Доризо. - Зив М. Куплеты о настоящих мужчинах : из оперетты "Настоящий мужчина" / сл. М. Львовского. - Легар Ф. Ария Анжель : из оперетты "Граф Люксембург" / рус. текст А. Костиной. - Лоу Ф. Песня Элизы из музыкальной комедии "Моя прекрасная леди" / рус. текст В. Сефа и В. Луи.
464 Аналитический уровень _0
1 700 1
a Дунаевский
b И.
1 702 1
a Масс
b В.
4 520
1 702 1
a Червинский
b М.
4 520
1 2001
a Ариозо Тони
e из оперетты "Белая акация"
1 036
t Над Приморской улицей...
1 50010
a Белая акация
i Ариозо Тони
464 Аналитический уровень _0
1 700 1
a Кабалевский
b Д.
1 702 1
a Солодарь
b Ц.
4 520
1 2001
a Ария Тани
e из оперетты "Весна поет"
1 036
t Весна, весна, весна...
1 50010
a Весна поет
i Ария Тани
464 Аналитический уровень _0
1 700 1
a Милютин
b Ю.
1 702 1
a Зискинд
b Я.
4 520
1 2001
a Песенка Глории
e из оперетты "Цирк зажигает огни"
1 036
t Двенадцать музыкантов...
1 50010
a Цирк зажигает огни
i Песенка Глории
464 Аналитический уровень _0
1 700 1
a Милютин
b Ю.
1 702 1
a Шатуновский
b Е.
4 520
1 2001
a Песенка Чаниты
e из оперетты "Поцелуй Чаниты"
1 036
t Я вышла к морю...
1 50010
a Поцелуй Чаниты
i Песенка Чаниты
464 Аналитический уровень _0
1 700 1
a Долуханян
b А.
1 702 1
a Доризо
b Н.
4 520
1 2001
a Песня о собаке
e из оперетты "Конкурс красоты"
1 036
t Милый пес, добрый пес...
1 50010
a Конкурс красоты
i Песня о собаке
464 Аналитический уровень _0
1 700 1
a Зив
b М.
1 702 1
a Львовский
b М.
4 520
1 2001
a Куплеты о настоящих мужчинах
e из оперетты "Настоящий мужчина
1 036
t Для портрета на примете...
1 50010
a Настоящий мужчина
i Куплеты о настоящих мужчинах
464 Аналитический уровень _0
1 700 1
a Легар
b Ф.
1 702 1
a Костина
b А.
4 730
1 2001
a Ария Анжель
e из оперетты "Граф Люксембург"
1 036
t Прощай, мой мир кулис...
1 50010
a Граф Люксембург
i Ария Анжель
464 Аналитический уровень _0
1 700 1
a Лоу
b Ф.
1 702 1
a Сеф
b В.
4 730
1 702 1
a Луи
b В.
4 730
1 2001
a Песня Элизы
e из муз. комедии "Моя прекрасная леди"
1 036
t Ночь, ночь!..
1 50010
a Моя прекрасная леди
i Песня Элизы
512 Заглавие обложки 1_
a Заглавие обложки Поет Татьяна Шмыга
600 Персоналии 1_
g Полное имя Шмыга, Татьяна Ивановна
c Дополнение к имени певица (лирическое сопрано)
600 Персоналии _1
f Даты 1928-2011
606 Тематические рубрики 0_
a Основная рубрика Сольное пение
x Основная подрубрика Из репертуара
x Основная подрубрика Отрывки из оперетт
y Географическая подрубрика Россия
z Хронологическая подрубрика 20 в.
610 Ключевые слова 0_
a Ключевые слова сольное пение; сопрано (голос); из репертуара; Шмыга Татьяна; отрывки из оперетт
686 Индексы других классификаций __
a Классификационный индекс 85.943.1-42я43
a Классификационный индекс 85.943,8
2 Код системы rubbk
702 Вторичная интеллектуальная ответственность _1
a Фамилия Трегубов
b Имя (инициалы) С.
4 Код отношения 220
4 Код отношения 080
801 Источник записи _0
a Страна RU
b Организация Ульяновская ОНБ
c Дата составления 20220816
g Правила каталогизации RCR
801 Источник записи _1
a Страна RU
b Организация Ульяновская ОНБ
c Дата составления 20220816
g Правила каталогизации RCR
901 Тип документа __
t Тип документа m
909 Создатель записи __
a Создатель записи Никитина Т. А.